Learning OpenCV / (Record no. 17900)
[ view plain ]
| 000 -LEADER | |
|---|---|
| fixed length control field | 00947pam a2200301 a 4500 |
| 001 - CONTROL NUMBER | |
| control field | 014566900 |
| 003 - CONTROL NUMBER IDENTIFIER | |
| control field | OSt |
| 005 - DATE AND TIME OF LATEST TRANSACTION | |
| control field | 20140105160117.0 |
| 008 - FIXED-LENGTH DATA ELEMENTS--GENERAL INFORMATION | |
| fixed length control field | 080219s2008 cc a frb 001 0 eng d |
| 020 ## - INTERNATIONAL STANDARD BOOK NUMBER | |
| International Standard Book Number | 0596516134 (pbk.) |
| 020 ## - INTERNATIONAL STANDARD BOOK NUMBER | |
| International Standard Book Number | 9780596516130 (pbk.) |
| 040 ## - CATALOGING SOURCE | |
| Original cataloging agency | StDuBDS |
| Language of cataloging | eng |
| Transcribing agency | StDuBDS |
| Modifying agency | Uk |
| 082 04 - DEWEY DECIMAL CLASSIFICATION NUMBER | |
| Classification number | 006.37 |
| Edition number | 22 |
| Item number | BRA |
| 100 1# - MAIN ENTRY--PERSONAL NAME | |
| Personal name | Bradski, Gary R. |
| 9 (RLIN) | 34779 |
| 245 10 - TITLE STATEMENT | |
| Title | Learning OpenCV / |
| Statement of responsibility, etc | Gary Bradski and Adrian Kaehler. |
| 246 34 - VARYING FORM OF TITLE | |
| Title proper/short title | Learning OpenCV : |
| Remainder of title | computer vision with the OpenCV library : Software that sees |
| 250 ## - EDITION STATEMENT | |
| Edition statement | 1st ed. |
| 260 ## - PUBLICATION, DISTRIBUTION, ETC. (IMPRINT) | |
| Place of publication, distribution, etc | Beijing : |
| Name of publisher, distributor, etc | O'Reilly, |
| Date of publication, distribution, etc | 2008 |
| Place of manufacture | ([Washington]) |
| 300 ## - PHYSICAL DESCRIPTION | |
| Extent | xvii, 555 p. : |
| Other physical details | ill. ; |
| Dimensions | 24 cm. |
| 500 ## - GENERAL NOTE | |
| General note | Index : p. 543-555. |
| 504 ## - BIBLIOGRAPHY, ETC. NOTE | |
| Bibliography, etc | Bibliography : p. 527-541. |
| 630 00 - SUBJECT ADDED ENTRY--UNIFORM TITLE | |
| Uniform title | OpenCV. |
| 9 (RLIN) | 34781 |
| 650 #0 - SUBJECT ADDED ENTRY--TOPICAL TERM | |
| Topical term or geographic name as entry element | Computer vision. |
| 9 (RLIN) | 18312 |
| 653 ## - INDEX TERM--UNCONTROLLED | |
| Resource For college | |
| Arrived date list | January2014 |
| 655 ## - INDEX TERM--GENRE/FORM | |
| Form subdivision | |
| -- | 34232 |
| 700 1# - ADDED ENTRY--PERSONAL NAME | |
| Personal name | Kaehler, Adrian |
| 9 (RLIN) | 34782 |
| 942 ## - ADDED ENTRY ELEMENTS (KOHA) | |
| Source of classification or shelving scheme | Dewey Decimal Classification |
| Item type | Book - Borrowing |
| Call number prefix | 006.37 BRA |
| Withdrawn status | Item status | Source of classification or shelving scheme | Damaged status | Not for loan | Vendor | Home library | Current library | Shelving location | Date acquired | Source of acquisition | Total Checkouts | Total Renewals | Full call number | Barcode | Date last seen | Date last borrowed | Koha item type |
|---|---|---|---|---|---|---|---|---|---|---|---|---|---|---|---|---|---|
| Dewey Decimal Classification | Baccah | Central Library | Central Library | Lower Floor | 05/01/2014 | 5 | 55 | 006.37 BRA | 000035294 | 15/07/2025 | 19/02/2020 | Book - Borrowing | |||||
| Dewey Decimal Classification | Baccah | Central Library | Central Library | Lower Floor | 05/01/2014 | 2 | 5 | 006.37 BRA | 000035295 | 15/07/2025 | 19/02/2025 | Book - Borrowing |